000 00571nam a22001937a 4500
005 20180626105613.0
010 _aENG-123280
020 _c395.00
_a9789352533671
035 _aEN-106812
037 _bDBAD/PUB
082 _a570
100 _aPrasann Kumar
245 _aObjective life science:
_cby Prasann Kumar [and] Padmanabh Dwivedi
_bplant science/
260 _aNew Delhi
_bS Chand Publishing
_c2017
270 _aRam Nagar.
_bNew Delhi
_e110055
300 _a578p.
_c26cm(pbk)
700 _aDwivedi, Padmanabh
942 _2ddc
_cEN
_mPRA
_h570
999 _c152897
_d152897